000 00537 a2200181 4500
003 OSt
005 20240202112451.0
008 240202b |||||||| |||| 00| 0 eng d
020 _a9789391899226
040 _coclc
082 _a297
_bKIZ/I
100 _aKizhuparamba, Ashraf
_910287
245 _aISLAMIKA RASHTRATHILE POWRASWATHANTHRYAM /
_cAshraf Kizhuparamba
250 _a1st ed.
260 _aKozhikode:
_bIslamic Publishing House,
_c2022.
300 _a280p.
942 _2ddc
_cBK
_h297
_iKIZ/I
_k297
_mKIZ/I
999 _c43413
_d43413